Pobreza infantil: conceptos, medición y recomendaciones de políticas públicas /
Se discute la importancia de analizar la pobreza infantil, se conceptualizan distintos términos relacionados con la misma, tales como privación y exclusión, se define la pobreza infantil desde algunas perspectivas organizacionales y se presentan mediciones sobre la pobreza infantil desde varios enfo...
Salvato in:
| Autore principale: | |
|---|---|
| Altri autori: | , |
| Natura: | testo |
| Soggetti: | |
| Tags: |
Aggiungi Tag
Nessun Tag, puoi essere il primo ad aggiungerne!!
|
MARC
| LEADER | 00000 a a2200000 04500 | ||
|---|---|---|---|
| 001 | 42912 | ||
| 003 | |||
| 040 | |||
| 090 | |a REV0229 (140) 2006 | ||
| 100 | |a Minujin, Alberto | ||
| 245 | |a Pobreza infantil: |b conceptos, medición y recomendaciones de políticas públicas / |c Alberto Minujin; Enrique Delamónica y Alejandra Davidziuk | ||
| 520 | |a Se discute la importancia de analizar la pobreza infantil, se conceptualizan distintos términos relacionados con la misma, tales como privación y exclusión, se define la pobreza infantil desde algunas perspectivas organizacionales y se presentan mediciones sobre la pobreza infantil desde varios enfoques. Finalmente, se mencionan distintas políticas y estrategias para reducir la pobreza infantil. Al respecto, se hacen diferencias de género y se subraya en el enfoque de derechos humanos. | ||
| 650 | |a ALIVIO DE LA POBREZA | ||
| 650 | |a DESARROLLO DEL NIÑO | ||
| 650 | |a DERECHOS DEL NIÑO | ||
| 650 | |a GENERO | ||
| 650 | |a POLITICA SOCIAL | ||
| 650 | |a GOBIERNO | ||
| 650 | |a ORGANIZACIONES NO GUBERNAMENTALES | ||
| 650 | |a AMERICA LATINA | ||
| 700 | |a Delamónica, Enrique | ||
| 700 | |a Davidziuk, Alejandra | ||
| 773 | |g número140 ( , 2006), 93 páginas | ||
| 999 | |c 35602 |d 35602 | ||
